The revolution within the revolution : (Record no. 249727)

MARC details
000 -LEADER
fixed length control field 01243nam a2200337 a 4500
001 - CONTROL NUMBER
control field vtls000289911
003 - CONTROL NUMBER IDENTIFIER
control field NLI
005 - DATE AND TIME OF LATEST TRANSACTION
control field 20210602131105.0
008 - FIXED-LENGTH DATA ELEMENTS--GENERAL INFORMATION
fixed length control field 101203s1986 njua 001 0 eng
020 ## - INTERNATIONAL STANDARD BOOK NUMBER
International Standard Book Number 069107688X :
Terms of availability USD 28.50
039 #9 - LEVEL OF BIBLIOGRAPHIC CONTROL AND CODING DETAIL [OBSOLETE]
-- 201012031919
-- VLOAD
040 0# - CATALOGING SOURCE
Original cataloging agency NLI
Language of cataloging eng
Transcribing agency Entertech-FY 2010
Description conventions AACR2
041 0# - LANGUAGE CODE
Language code of text/sound track or separate title eng
044 ## - COUNTRY OF PUBLISHING/PRODUCING ENTITY CODE
MARC country code nju
082 04 - DEWEY DECIMAL CLASSIFICATION NUMBER
Classification number 334.68309469
100 1# - MAIN ENTRY--PERSONAL NAME
Personal name Bermeo, Nancy Gina,
Dates associated with a name 1951-
9 (RLIN) 449652
245 14 - TITLE STATEMENT
Title The revolution within the revolution :
Remainder of title workers' control in rural Portugal /
Statement of responsibility, etc. Nancy Gina Bermeo
260 ## - PUBLICATION, DISTRIBUTION, ETC.
Place of publication, distribution, etc. Princeton, :
Name of publisher, distributor, etc. Princeton University Press,
Date of publication, distribution, etc. c1986
300 ## - PHYSICAL DESCRIPTION
Extent xix, 263 p. :
Other physical details ill. ;
Dimensions 25 cm.
504 ## - BIBLIOGRAPHY, ETC. NOTE
Bibliography, etc. note Includes bibliographical references and index
650 #0 - SUBJECT ADDED ENTRY--TOPICAL TERM
Topical term or geographic name entry element Agriculture, Cooperative
Geographic subdivision Portugal
9 (RLIN) 449653
650 #0 - SUBJECT ADDED ENTRY--TOPICAL TERM
Topical term or geographic name entry element Agriculture and state
Geographic subdivision Portugal
9 (RLIN) 368537
650 #0 - SUBJECT ADDED ENTRY--TOPICAL TERM
Topical term or geographic name entry element Land reform
Geographic subdivision Portugal
9 (RLIN) 449654
651 #0 - SUBJECT ADDED ENTRY--GEOGRAPHIC NAME
Geographic name Portugal
General subdivision Politics and government
Chronological subdivision 1974-
9 (RLIN) 262784
887 ## - NON-MARC INFORMATION FIELD
Content of non-MARC field
901 ## - LOCAL DATA ELEMENT A, LDA (RLIN)
a 491876
b 30.10.1986
902 ## - LOCAL DATA ELEMENT B, LDB (RLIN)
a E/O 334.68309469 B 456
949 ## - LOCAL PROCESSING INFORMATION (OCLC)
-- VIRTUAITEM
-- 10000
-- 100
6 PUR000491876ENG
942 ## - ADDED ENTRY ELEMENTS (KOHA)
Source of classification or shelving scheme Dewey Decimal Classification
Koha item type Books
Holdings
Withdrawn status Lost status Damaged status Not for loan Collection code Home library Current library Shelving location Date acquired Total Checkouts Full call number Barcode Date last seen Price effective from Koha item type
        New English Oversized National Library of India National Library of India New English Oversized - Main Stack Division     E/O 334.68309469 B 456 PUR000491876ENG 02/06/2021 02/06/2021 Books
                                                                           
web counter

Copyright ©2020 The National Library of India, Govt. of India ↔ Hosted by NVLI, MOC ↔ Technology and Design by National Library of India, Ministry of Culture, Govt. of India